Governing cross-sector collaboration /

Bibliographic Details
Main Authors: Forrer, John J., (Author), Kee, James Edwin, (Author), Boyer, Eric, 1977- (Author)
Other Authors: Carlee, Ron, (Author of introduction, etc.)
Format: eBook
Language:English
Published: San Francisco, California : Jossey-Bass, 2014.
Subjects:
Online Access:Click to View
LEADER 01879nam a2200457 i 4500
001 EBC1766630
003 MiAaPQ
005 20200520144314.0
006 m o d |
007 cr cnu||||||||
008 140827t20142014caua ob 001 0 eng d
020 |z 9781118759691 
020 |a 9781118845936  |q (electronic bk.) 
035 |a (MiAaPQ)EBC1766630 
035 |a (Au-PeEL)EBL1766630 
035 |a (CaPaEBR)ebr10908322 
035 |a (CaONFJC)MIL637349 
035 |a (OCoLC)887509247 
040 |a MiAaPQ  |b eng  |e rda  |e pn  |c MiAaPQ  |d MiAaPQ 
050 4 |a HD3871  |b .F67 2014 
082 0 |a 352.5/38  |2 23 
100 1 |a Forrer, John J.,  |e author. 
245 1 0 |a Governing cross-sector collaboration /  |c John J. Forrer, James Edwin Kee, Eric Boyer ; foreword by Ron Carlee. 
264 1 |a San Francisco, California :  |b Jossey-Bass,  |c 2014. 
264 4 |c 2014 
300 |a 1 online resource (387 pages) :  |b illustrations 
336 |a text  |2 rdacontent 
337 |a computer  |2 rdamedia 
338 |a online resource  |2 rdacarrier 
504 |a Includes bibliographical references and index. 
588 |a Description based on print version record. 
590 |a Electronic reproduction. Ann Arbor, MI : ProQuest, 2015. Available via World Wide Web. Access may be limited to ProQuest affiliated libraries. 
650 0 |a Public-private sector cooperation. 
650 0 |a Public administration. 
655 4 |a Electronic books. 
700 1 |a Kee, James Edwin,  |e author. 
700 1 |a Boyer, Eric,  |d 1977-  |e author. 
700 1 |a Carlee, Ron,  |e author of introduction, etc. 
776 0 8 |i Print version:  |a Forrer, John J.  |t Governing cross-sector collaboration.  |d San Francisco, California : Jossey-Bass, c2014   |h xxi, 359 pages   |z 9781118759691   |w 2014015896 
797 2 |a ProQuest (Firm) 
856 4 0 |u https://ebookcentral.proquest.com/lib/matrademy/detail.action?docID=1766630  |z Click to View